<?xml version="1.0" encoding="UTF-8"?><?xml-stylesheet type="text/xsl" href="static/style.xsl"?><OAI-PMH xmlns="http://www.openarchives.org/OAI/2.0/" xmlns:xsi="http://www.w3.org/2001/XMLSchema-instance" xsi:schemaLocation="http://www.openarchives.org/OAI/2.0/ http://www.openarchives.org/OAI/2.0/OAI-PMH.xsd"><responseDate>2026-04-13T01:58:42Z</responseDate><request verb="GetRecord" identifier="oai:www.recercat.cat:2072/487095" metadataPrefix="marc">https://recercat.cat/oai/request</request><GetRecord><record><header><identifier>oai:recercat.cat:2072/487095</identifier><datestamp>2025-10-05T14:28:23Z</datestamp><setSpec>com_2072_98</setSpec><setSpec>col_2072_378192</setSpec></header><metadata><record xmlns="http://www.loc.gov/MARC21/slim" xmlns:dcterms="http://purl.org/dc/terms/" xmlns:xsi="http://www.w3.org/2001/XMLSchema-instance" xmlns:doc="http://www.lyncode.com/xoai" xsi:schemaLocation="http://www.loc.gov/MARC21/slim http://www.loc.gov/standards/marcxml/schema/MARC21slim.xsd">
   <leader>00925njm 22002777a 4500</leader>
   <datafield ind2=" " ind1=" " tag="042">
      <subfield code="a">dc</subfield>
   </datafield>
   <datafield ind2=" " ind1=" " tag="720">
      <subfield code="a">Albaladejo Fresnadillo, María Jesús</subfield>
      <subfield code="e">author</subfield>
   </datafield>
   <datafield ind2=" " ind1=" " tag="260">
      <subfield code="c">2025</subfield>
   </datafield>
   <datafield ind2=" " ind1=" " tag="520">
      <subfield code="a">Obres ressenyades: HyperNormalisation. Dir. Adam Curtis. BBC, 2016. 2h y 46 minutos ; JIANWEI XUN. "Hipnocracia : Trump, Musk y la nueva arquitectura de la realidad". Rosamerón, 2025. 118 pp. ISBN-13: 9788412980097</subfield>
   </datafield>
   <datafield ind2=" " ind1=" " tag="520">
      <subfield code="a">Reseña como trabajo de final de curso (2024-2025) de la asignatura de máster Europa oriental y Eurasia (Inteligencia, expansión y control, 1798-2025) del Departamento de Historia Moderna y Contemporánea, UAB</subfield>
   </datafield>
   <datafield ind2=" " ind1=" " tag="520">
      <subfield code="a">Ressenya com a treball de final de curs (2024-2025) de l'assignatura de màster Europa oriental i Euràsia (Intel·ligència, expansió i control, 1798-2025) del Departament d'Història Moderna i Contemporània, UAB</subfield>
   </datafield>
   <datafield ind2=" " ind1=" " tag="520">
      <subfield code="a">Review as a final year project (2024-2025) of the Master's course Eastern Europe and Eurasia (Intelligence, Expansion and Control, 1798-2025) of the Department of Modern and Contemporary History, UAB.</subfield>
   </datafield>
   <datafield ind1="8" ind2=" " tag="024">
      <subfield code="a">http://hdl.handle.net/2072/487095</subfield>
   </datafield>
   <datafield tag="653" ind2=" " ind1=" ">
      <subfield code="a">Hipernormalitat</subfield>
   </datafield>
   <datafield tag="653" ind2=" " ind1=" ">
      <subfield code="a">Hipnocràcia</subfield>
   </datafield>
   <datafield tag="653" ind2=" " ind1=" ">
      <subfield code="a">Narrativa</subfield>
   </datafield>
   <datafield tag="653" ind2=" " ind1=" ">
      <subfield code="a">Control del relat</subfield>
   </datafield>
   <datafield tag="653" ind2=" " ind1=" ">
      <subfield code="a">Adam curtis</subfield>
   </datafield>
   <datafield tag="653" ind2=" " ind1=" ">
      <subfield code="a">Hipernormalidad</subfield>
   </datafield>
   <datafield tag="653" ind2=" " ind1=" ">
      <subfield code="a">Hipnocracia</subfield>
   </datafield>
   <datafield tag="653" ind2=" " ind1=" ">
      <subfield code="a">Control del relato</subfield>
   </datafield>
   <datafield tag="653" ind2=" " ind1=" ">
      <subfield code="a">Hypernormalisation</subfield>
   </datafield>
   <datafield tag="653" ind2=" " ind1=" ">
      <subfield code="a">Hypnocracy</subfield>
   </datafield>
   <datafield tag="653" ind2=" " ind1=" ">
      <subfield code="a">Narrative</subfield>
   </datafield>
   <datafield tag="653" ind2=" " ind1=" ">
      <subfield code="a">Storytelling control</subfield>
   </datafield>
   <datafield ind2="0" ind1="0" tag="245">
      <subfield code="a">Realidades enlatadas : De la Hypernormalidad a la Hipnocracia, 2016-2025</subfield>
   </datafield>
</record></metadata></record></GetRecord></OAI-PMH>